BIBLIOTECA PODER JUDICIAL
Portal Judicial TDF

Antijuricidad y el secreto profesional / (Registro nro. 2017)

000 -LEADER
fixed length control field 00655nam a22002177a 4500
003 - CONTROL NUMBER IDENTIFIER
control field OSt
005 - DATE AND TIME OF LATEST TRANSACTION
control field 20181123090815.0
007 - PHYSICAL DESCRIPTION FIXED FIELD--GENERAL INFORMATION
fixed length control field
008 - FIXED-LENGTH DATA ELEMENTS--GENERAL INFORMATION
fixed length control field 180913b xxu||||| |||| 00| 0 spa d
016 ## - NATIONAL BIBLIOGRAPHIC AGENCY CONTROL NUMBER
Record control number
040 ## - CATALOGING SOURCE
Transcribing agency PJ
100 ## - ASIENTO PRINCIPAL - NOMBRE DE PERSONA
9 (RLIN) 3139
Personal name Gallino Yanzi, Carlos V.
245 10 - MENCIÓN DE TÍTULO
Título propiamente dicho Antijuricidad y el secreto profesional /
Mención de responsabilidad, etc Carlos V. Gallino Yanzi.
260 ## - PUBLICATION, DISTRIBUTION, ETC. (IMPRINT)
Place of publication, distribution, etc Buenos Aires :
Name of publisher, distributor, etc Víctor de Zavalia,
Date of publication, distribution, etc 1972.
300 ## - DESCRIPCION FISICA
Extent 127 p.
Dimensions 23 cm.
500 ## - NOTA GENERAL
General note Notas y citas bibliográficas a pie de página.
504 ## - NOTA DE BIBLIOGRAFÍA, ETC.
Bibliography, etc Bibliografia: p. 119-127.
650 #0 - ASIENTO SECUNDARIO DE MATERIA - TERMINO TEMATICO
9 (RLIN) 343
Topical term or geographic name as entry element DERECHO PENAL
650 #0 - ASIENTO SECUNDARIO DE MATERIA - TERMINO TEMATICO
9 (RLIN) 3140
Topical term or geographic name as entry element SECRETO PROFESIONAL
942 ## - ADDED ENTRY ELEMENTS (KOHA)
Source of classification or shelving scheme
Koha item type Libros
Classification part 343.45
Item part GAL
Existencias
Withdrawn status Lost status Source of classification or shelving scheme Damaged status Not for loan Permanent Location Current Location Date acquired Full call number Barcode Date last seen Price effective from Koha item type
          Biblioteca Poder Judicial Norte Biblioteca Poder Judicial Norte 2018-11-23 343.45 GAL RG 3492 2024-12-01 2018-11-23 Libros
          Biblioteca Poder Judicial Sur Biblioteca Poder Judicial Sur 2018-11-23 343.45 GAL 0078 2018-11-23 2018-11-23 Libros

12 de Octubre 789 Ushuaia - Tel:  54(02901)441571
Horario de Atención: 8.00 a 17.00 hs. 
bibliotecaush@justierradelfuego.gov.ar
koha@justierradelfuego.gov.ar
Seguinos en nuestras redes @bibliojustdf 

Con tecnología Koha